Accidental deaths and suicides in India 2000 (Record no. 10302)
[ view plain ]
| 000 -LEADER | |
|---|---|
| fixed length control field | 00492nam a2200157Ia 4500 |
| 082 ## - DEWEY DECIMAL CLASSIFICATION NUMBER | |
| Classification number | 364.15220954 ACC- SL1 |
| 100 ## - MAIN ENTRY--AUTHOR NAME | |
| Personal name | r |
| 245 #0 - TITLE STATEMENT | |
| Title | Accidental deaths and suicides in India 2000 |
| 260 ## - PUBLICATION, DISTRIBUTION, ETC. (IMPRINT) | |
| Place of publication | Delhi |
| Name of publisher | the author |
| Year of publication | 2003 |
| 300 ## - PHYSICAL DESCRIPTION | |
| Number of Pages | ix, 176 |
| 650 ## - SUBJECT ADDED ENTRY--TOPICAL TERM | |
| Topical Term | Sucides |
| Form subdivision | India |
| -- | Statistics |
| Geographic subdivision | 2000 |
| 650 ## - SUBJECT ADDED ENTRY--TOPICAL TERM | |
| Topical Term | Accidents |
| Form subdivision | India |
| -- | Statistics |
| Geographic subdivision | 2000 |
| 650 ## - SUBJECT ADDED ENTRY--TOPICAL TERM | |
| Topical Term | Mortality |
| Form subdivision | India |
| Geographic subdivision | Statistics |
| -- | 2000 |
| 710 ## - ADDED ENTRY--CORPORATE NAME | |
| Corporate name or jurisdiction name as entry element | India. Ministry of Home Affairs, National Crime Records Bureau |
| 942 ## - ADDED ENTRY ELEMENTS (KOHA) | |
| Koha item type | Books |
| Source of classification or shelving scheme | Dewey Decimal Classification |
| Withdrawn status | Lost status | Damaged status | Not for loan | Collection code | Home library | Current library | Date acquired | Bill Date | Full call number | Accession Number | Price effective from | Koha item type |
|---|---|---|---|---|---|---|---|---|---|---|---|---|
| Series | NASSDOC Library | NASSDOC Library | 30/12/2014 | 2005-03-16 | 364.15220954 ACC- SL1 | S000016 | 18/04/2019 | Books |
